Kvantovopoľová teória tuhých látok

Salvato in:
Dettagli Bibliografici
Autore principale: Haken, Hermann (Autore)
Natura: Libro
Pubblicazione: Bratislava : Alfa, 1987
Tags: Aggiungi Tag
Nessun Tag, puoi essere il primo ad aggiungerne!!

MARC

LEADER 00000nam a22000003a 4500
001 stu19932
005 20150617225752.7
008 ------s1987----cs----------------------d
040 |a STU  |b slo 
041 0
044 |a cs 
080 |a 530.145 
100 1 |a Haken, Hermann  |4 aut 
245 1 |a Kvantovopoľová teória tuhých látok 
260 |a Bratislava :  |b Alfa,  |c 1987 
300 |a 326 s :  |b Lit.,index 
996 |b C78893  |c C*78893  |l CCIII  |s P  |a 0  |w stu19932_0001 
996 |b C79005  |c C*79005  |l CCV  |s P  |a 0  |w stu19932_0002 
996 |b C79006  |c C*79006  |l CCV  |s P  |a 0  |w stu19932_0003